Alakuló ülés Mórahalmon híres, fejlődő és virágzó lesz a település /
Elmentve itt :
| Szerző: | |
|---|---|
| Dokumentumtípus: | Cikk |
| Megjelent: |
1998-10-29
|
| Sorozat: | Délmagyarország
88 No. 253 |
| Kulcsszavak: | Mórahalom, Önkormányzati választások képviselő-testület, Közigazgatás önkormányzat, Településpolitika |
| Online Access: | http://dmarchiv.bibl.u-szeged.hu/83380 |
| LEADER | 00605nab a2200157 i 4500 | ||
|---|---|---|---|
| 001 | delm83380 | ||
| 005 | 20191016130123.0 | ||
| 008 | 191016s1998 hu o 0|| hun d | ||
| 040 | |a SZTE Délmagyarország Archívum |b hun | ||
| 041 | |a hun | ||
| 100 | 1 | |a Arató László | |
| 245 | 1 | 0 | |a Alakuló ülés Mórahalmon |h [elektronikus dokumentum] : |b híres, fejlődő és virágzó lesz a település / |c Arató László |
| 260 | |c 1998-10-29 | ||
| 300 | |a 4 | ||
| 490 | 0 | |a Délmagyarország |v 88 No. 253 | |
| 695 | |a Mórahalom, Önkormányzati választások képviselő-testület, Közigazgatás önkormányzat, Településpolitika | ||